000 00757nam a22002777a 4500
001 BR8005283
003 BR-BrBNA
005 20230928090718.0
007 ta
008 230509b bl.||||| |||| 00| 0 por d
040 _aBR-BrBNA
_bpor
_cBiblioteca Nacional de Agricultura
041 _a(Por)
072 _aN10
090 _ N10 BR8005283
100 1 _aCaille, R.E.
110 1 _aCompanhia Energetica de Sao Paulo, Sao Paulo (Brasil)
_92428
245 1 _aInstalacoes eletricas rurais de baixa tensao
260 3 _aSao Paulo, SP (Brasil):
_c1980.
300 _a43 p.
500 _a42 illus.
650 _aINSTALACAO ELETRICA
650 _aELETRIFICACAO RURAL
650 _aELETRICIDADE
909 _a202309
_bLucia
_c55
_dLucia Elande
942 _cBK
999 _c30160
_d30160